Mapas y herramientas para conocer la escuela: investigación etnográfica e investigación-acción

Furkejuvvon:
Bibliográfalaš dieđut
Váldodahkkit: Yuni, José Alberto (Dahkki), Urbano, Claudio Ariel (Dahkki)
Materiálatiipa: Girji
Giella:espánnjágiella
Almmustuhtton: Córdoba Brujas 2005
Preanttus:3a. ed
Fáttát:
Fáddágilkorat: Lasit fáddágilkoriid
Eai fáddágilkorat, Lasit vuosttaš fáddágilkora!

MARC

LEADER 00000cam a2200000 a 4500
001 UCG8243
003 CL-VaPUC
008 111202e20050000AG |||||||||||||||||spa|d
020 |a 9871142978 
082 0 4 |a 306.43  |b YUN  |2 21 
100 0 |a Yuni, José Alberto  |e author  |9 559167 
700 0 |a Urbano, Claudio Ariel  |e author  |9 559168 
245 1 0 |a Mapas y herramientas para conocer la escuela: investigación etnográfica e investigación-acción 
250 |a 3a. ed 
300 |a 282 p 
942 |c BK 
945 |d 20111202 00:00:00  |a cmena 
260 |a Córdoba  |b Brujas  |c 2005 
650 0 |a Sociología de la educación   |9 260380 
650 0 |a Ciencias sociales  |v Investigación  |9 307767 
650 0 |a Etnografía   |9 309735 
650 0 |a Métodos de investigación   |9 262618 
583 |a last modification  |c 20121104 09:30:09  |k Rodrigo Vera 
999 |c 345863  |d 345861 
952 |0 0  |1 0  |4 0  |6 306_430000000000000_YUN_2005  |7 0  |8 A  |9 446218  |a BIBEDU  |b BIBEDU  |d 2019-11-22  |i 480497K  |l 1  |o 306.43 YUN 2005  |p 480497K  |r 2022-06-20  |s 2022-06-10  |w 2019-11-22  |y BK  |k EPE 
952 |0 0  |1 0  |4 0  |6 306_430000000000000_YUN_2005  |7 0  |8 A  |9 446219  |a BIBEDU  |b BIBEDU  |d 2019-11-22  |i 499230K  |o 306.43 YUN 2005  |p 499230K  |r 2019-11-22  |w 2019-11-22  |y BK  |k EPE